=LDR 00000nam 2200000 4500 =001 INLIS000000000013680 =005 20130612105032 =008 ***********************************Ind** =035 ##$$0010-061300000013680 =041 ##$$a Ind =082 ##$$a R.338.620 26 =090 ##$$a R.338.620 26, Ind u =260 ##$$a 2003 $b Bandung =300 ##$$a 90 hlm, 21 cm =650 ##$$a Badan usaha milik negara - Undang-undang dan peraturan =850 ##$$a NBPNMAT